00512 2200181 4500001002100000005001700021008004100038035002600079245003200105100003300137260004100170300002400211020002200235082001000257084001600267650003600283990001100319INLIS00000000000032320191211103156.0191211| ||| | ind  a 0010-12190000000032300cWahyudi , Sisi Artianingsih0 aWahyudi ; Artianingsih, Siti aJakarta :bAgromedia Pustaka ,c2012 avi, 90 p. ;c23 cm. a978-979-006-408-x0 a635.6 a635.6 WAH b 0aF01 - Crop Husbandry/Pertanaman abC3431